[Event "BCF-chT4 2223 (4NCL)"]
[Site "England"]
[Date "2023.01.07"]
[Round "3.74"]
[White "Bharathi Mugilan, Dhanyadha"]
[Black "Ruthen, Stephen W"]
[Result "0-1"]
[WhiteElo "1241"]
[BlackElo "1857"]
[PlyCount "72"]
[EventDate "2022.11.05"]
[EventType "team-swiss"]
[EventRounds "11"]
[EventCountry "ENG"]
[SourceTitle "EXT 2024"]
[Source "ChessBase"]
[SourceDate "2023.10.10"]
[SourceVersion "1"]
[SourceVersionDate "2023.10.10"]
[SourceQuality "1"]
[WhiteTeam "She Plays to Win Young Stars"]
[BlackTeam "Iceni II"]
[WhiteTeamCountry "ENG"]
[BlackTeamCountry "ENG"]

1. d4 Nf6 2. Nf3 g6 3. Bf4 Bg7 4. e3 0-0 5. Be2 d6 6. 0-0 b6 7. c4 Bb7 8. Nc3 Nbd7 9. Qd2 Ne4 10. Nxe4 Bxe4 11. Bg3 e6 12. Rac1 Qe7 13. b3 g5 14. h3 Rad8 15. Qd1 e5 16. d5 Bg6 17. Qd2 f5 18. Rfd1 Nc5 19. Bh2 Rde8 20. Re1 h5 21. Red1 g4 22. hxg4 fxg4 23. Ne1 Rxf2 24. Bg3 Rf7 25. Bd3 e4 26. Bc2 h4 27. Bf4 Be5 28. Bxe5 Qxe5 29. Qe2 Qg3 30. b4 Nd7 31. a3 Ref8 32. Rb1 Rf2 33. Qxf2 Qxf2+ 34. Kh1 g3 35. Nd3 exd3 36. Bxd3 Be4 0-1

[Event "BCF-chT3Sa 1819 (4NCL)"]
[Site "England"]
[Date "2019.01.13"]
[Round "4.42"]
[White "Ruthen, Stephen W"]
[Black "Farkas, Daniel"]
[Result "1/2-1/2"]
[WhiteElo "2005"]
[BlackElo "2105"]
[PlyCount "35"]
[EventDate "2018.11.17"]
[EventType "team-tourn"]
[EventRounds "7"]
[EventCountry "ENG"]
[SourceTitle "EXT 2021"]
[Source "ChessBase"]
[SourceDate "2020.10.23"]
[SourceVersion "1"]
[SourceVersionDate "2020.10.23"]
[SourceQuality "1"]
[WhiteTeam "Iceni"]
[BlackTeam "Fermented Sharks"]
[WhiteTeamCountry "ENG"]
[BlackTeamCountry "ENG"]

1. c4 c6 2. Nf3 d5 3. g3 Bf5 4. Bg2 Nf6 5. 0-0 e6 6. b3 Nbd7 7. Bb2 Be7 8. d3 h6 9. Nbd2 0-0 10. Re1 Bh7 11. e4 Nc5 12. Ne5 dxe4 13. d4 Nd3 14. Nxd3 exd3 15. Ne4 Nxe4 16. Bxe4 Bxe4 17. Rxe4 Bf6 18. Qxd3 1/2-1/2

[Event "BCF-chT4S 1718 (4NCL)"]
[Site "England"]
[Date "2018.05.05"]
[Round "9.12"]
[White "Szymanski, Mark"]
[Black "Ruthen, Stephen W"]
[Result "0-1"]
[WhiteElo "1915"]
[BlackElo "1992"]
[PlyCount "72"]
[EventDate "2017.11.11"]
[EventType "team-swiss"]
[EventRounds "11"]
[EventCountry "ENG"]
[SourceTitle "EXT 2020"]
[Source "ChessBase"]
[SourceDate "2019.10.17"]
[SourceVersion "1"]
[SourceVersionDate "2019.10.17"]
[SourceQuality "1"]
[WhiteTeam "Iceni II"]
[BlackTeam "Iceni"]
[WhiteTeamCountry "ENG"]
[BlackTeamCountry "ENG"]

1. d4 Nf6 2. c4 g6 3. g3 Bg7 4. Bg2 d6 5. Nf3 0-0 6. Nc3 Nc6 7. 0-0 a6 8. Qd3 e5 9. dxe5 dxe5 10. Qxd8 Rxd8 11. e4 Bg4 12. h3 Bxf3 13. Bxf3 Nd4 14. Bg2 Nd7 15. b3 Nc5 16. Be3 Nce6 17. Rad1 c6 18. Rd2 Bf8 19. Rdd1 Bb4 20. Nb1 Kg7 21. a3 Be7 22. b4 a5 23. c5 axb4 24. axb4 Ra4 25. Bd2 Bg5 26. Bxg5 Nxg5 27. Nc3 Rxb4 28. f4 Rb3 29. Na4 exf4 30. gxf4 Ne2+ 31. Kh2 Rxd1 32. Rxd1 Nxf4 33. Re1 Ra3 34. Nb2 Ra2 35. Rb1 Nxg2 36. Kxg2 Nxe4 0-1

[Event "BCF-chT4S 1718 (4NCL)"]
[Site "England"]
[Date "2018.03.25"]
[Round "8.45"]
[White "Fraser, Susanna"]
[Black "Ruthen, Stephen W"]
[Result "0-1"]
[WhiteElo "1464"]
[BlackElo "1992"]
[PlyCount "128"]
[EventDate "2017.11.11"]
[EventType "team-swiss"]
[EventRounds "11"]
[EventCountry "ENG"]
[SourceTitle "EXT 2020"]
[Source "ChessBase"]
[SourceDate "2019.10.17"]
[SourceVersion "1"]
[SourceVersionDate "2019.10.17"]
[SourceQuality "1"]
[WhiteTeam "Fischer's Catch"]
[BlackTeam "Iceni"]
[WhiteTeamCountry "WLS"]
[BlackTeamCountry "ENG"]

1. d4 Nf6 2. c4 g6 3. Nf3 Bg7 4. g3 d6 5. Bg2 0-0 6. 0-0 Nc6 7. Nc3 e5 8. e4 Bg4 9. Bg5 Nxd4 10. Nd5 h6 11. Nxf6+ Bxf6 12. Bxh6 Re8 13. Be3 Qd7 14. Bxd4 exd4 15. Qd3 c5 16. Rfe1 Rab8 17. Rac1 b5 18. b3 bxc4 19. Qxc4 Bg7 20. Nh4 Bh6 21. Rc2 d5 22. Qd3 g5 23. Nf3 dxe4 24. Rxe4 Rxe4 25. Qxe4 Bf5 26. Ne5 Bxe4 27. Nxd7 Bxc2 28. Nxb8 Bb1 29. a3 Bc2 30. Nd7 Bf8 31. Nf6+ Kg7 32. Ne4 Bxb3 33. Nd2 Be6 34. Bf1 Bf5 35. f3 Be6 36. Kf2 f5 37. Ke1 Kf6 38. Kd1 Bd5 39. Kc2 Bd6 40. Kd3 Bc7 41. Be2 Ba5 42. Nc4 Be1 43. Nd6 Ke6 44. Nb5 Ke5 45. Nxa7 c4+ 46. Kc2 d3+ 47. Bxd3 cxd3+ 48. Kxd3 Bxf3 49. Ke3 Bb7 50. Ke2 Ba5 51. Nb5 f4 52. gxf4+ gxf4 53. a4 f3+ 54. Kf2 Bb6+ 55. Kf1 Kf4 56. Nd6 Ba6+ 57. Nb5 Kg4 58. Ke1 Kh3 59. Kf1 Kxh2 60. Ke1 Kg2 61. Nc3 f2+ 62. Kd2 f1Q 63. Nd1 Qd3+ 64. Kc1 Bc5 0-1

[Event "BCF-chT4S 1718 (4NCL)"]
[Site "England"]
[Date "2018.02.11"]
[Round "6.14"]
[White "Ruthen, Stephen W"]
[Black "Terry, Sean"]
[Result "1/2-1/2"]
[WhiteElo "1992"]
[BlackElo "1918"]
[PlyCount "92"]
[EventDate "2017.11.11"]
[EventType "team-swiss"]
[EventRounds "11"]
[EventCountry "ENG"]
[SourceTitle "EXT 2020"]
[Source "ChessBase"]
[SourceDate "2019.10.17"]
[SourceVersion "1"]
[SourceVersionDate "2019.10.17"]
[SourceQuality "1"]
[WhiteTeam "Iceni"]
[BlackTeam "Oxford III"]
[WhiteTeamCountry "ENG"]
[BlackTeamCountry "ENG"]

1. c4 e5 2. g3 Nc6 3. Nc3 d6 4. Nf3 g6 5. d4 Bg7 6. d5 Nce7 7. e4 Nf6 8. Bg2 0-0 9. 0-0 a6 10. Nd2 Nd7 11. Rb1 a5 12. a3 Nc5 13. Nb3 b6 14. Nxc5 bxc5 15. b4 axb4 16. axb4 cxb4 17. Rxb4 Ba6 18. Qb3 c5 19. Ra4 Qd7 20. Be3 Rfb8 21. Qa2 Bb7 22. Rb1 Rxa4 23. Qxa4 Qxa4 24. Nxa4 Kf8 25. Nxc5 dxc5 26. Bxc5 Ke8 27. Bd6 Rd8 28. Bxe7 Kxe7 29. Rxb7+ Ke8 30. Bh3 Bf8 31. Rc7 Bd6 32. Rc6 Bb4 33. c5 Ke7 34. f4 exf4 35. gxf4 f5 36. d6+ Ke6 37. e5 Bd2 38. Bf1 Bxf4 39. Bc4+ Kxe5 40. Rc7 h5 41. Bf7 Kf6 42. Bb3 h4 43. Rf7+ Ke5 44. d7 Be3+ 45. Kg2 Bxc5 46. Ba4 Ke6 1/2-1/2

[Event "BCF-chT4S 1718 (4NCL)"]
[Site "England"]
[Date "2017.11.12"]
[Round "2.13"]
[White "Ireland, David J"]
[Black "Ruthen, Stephen W"]
[Result "1/2-1/2"]
[WhiteElo "1940"]
[BlackElo "1992"]
[PlyCount "67"]
[EventDate "2017.11.11"]
[EventType "team-swiss"]
[EventRounds "11"]
[EventCountry "ENG"]
[SourceTitle "EXT 2020"]
[Source "ChessBase"]
[SourceDate "2019.10.17"]
[SourceVersion "1"]
[SourceVersionDate "2019.10.17"]
[SourceQuality "1"]
[WhiteTeam "Throw in the Tal"]
[BlackTeam "Iceni"]
[WhiteTeamCountry "ENG"]
[BlackTeamCountry "ENG"]

1. d4 Nf6 2. Nf3 g6 3. Nc3 d5 4. Bf4 Bg7 5. e3 0-0 6. Be2 c5 7. 0-0 Nc6 8. Ne5 Bf5 9. Nxc6 bxc6 10. Be5 Qa5 11. g4 Bc8 12. f4 Nd7 13. Bxg7 Kxg7 14. Rf3 Nf6 15. Rg3 Rb8 16. Rb1 Bd7 17. Qd2 Rb7 18. f5 gxf5 19. g5 Ne8 20. a3 e5 21. dxe5 Nc7 22. Rh3 Rg8 23. Qe1 Kf8 24. Qh4 Ne6 25. Qh6+ Ke8 26. Qxh7 Rxg5+ 27. Kf2 Kd8 28. Qxf7 Kc7 29. Rh7 Kc8 30. Rh8+ Kc7 31. Qe7 c4 32. Qd6+ Kb6 33. b4 Qxa3 34. Nb5 1/2-1/2

[Event "BCF-chT3Sb 1617 (4NCL)"]
[Site "England"]
[Date "2016.11.27"]
[Round "2.81"]
[White "Churm, Rohan"]
[Black "Ruthen, Stephen W"]
[Result "1-0"]
[WhiteElo "2134"]
[BlackElo "2015"]
[PlyCount "95"]
[EventDate "2016.11.26"]
[EventType "team-tourn"]
[EventRounds "11"]
[EventCountry "ENG"]
[SourceTitle "EXT 2019"]
[Source "ChessBase"]
[SourceDate "2018.10.10"]
[SourceVersion "1"]
[SourceVersionDate "2018.10.10"]
[SourceQuality "1"]
[WhiteTeam "Cambridge University II"]
[BlackTeam "Iceni"]
[WhiteTeamCountry "ENG"]
[BlackTeamCountry "ENG"]

1. d4 Nf6 2. Nf3 g6 3. c4 Bg7 4. Nc3 d6 5. g3 0-0 6. Bg2 Nbd7 7. 0-0 c6 8. e4 e5 9. h3 Re8 10. Be3 Qe7 11. d5 Nc5 12. Nd2 a5 13. a3 h6 14. b4 axb4 15. axb4 Rxa1 16. Qxa1 Na6 17. Rb1 Bd7 18. Na4 Nc7 19. Nb6 Qd8 20. Nb3 cxd5 21. cxd5 Bb5 22. Na5 Qb8 23. Nac4 Rd8 24. Qc3 Be8 25. Ra1 Nh5 26. Bf3 Nf6 27. Na3 Kh7 28. Qc4 Bf8 29. b5 Na8 30. Na4 Rc8 31. Qb4 Nd7 32. b6 Nc5 33. Nc3 f5 34. Nc4 Nd3 35. Qb3 Nc5 36. Qa2 Be7 37. Bxc5 dxc5 38. d6 Bxd6 39. exf5 gxf5 40. Nxd6 Qxd6 41. Bxb7 Nxb6 42. Rd1 Qg6 43. Bxc8 Nxc8 44. Qa8 Qc6 45. Qb8 Bh5 46. Rd8 Ne7 47. Rh8+ Kg6 48. Qf8 1-0

[Event "BCF-chT4 1516 (4NCL)"]
[Site "England"]
[Date "2016.03.20"]
[Round "8.176"]
[White "Taylor, William J"]
[Black "Ruthen, Stephen W"]
[Result "1-0"]
[WhiteElo "1973"]
[BlackElo "2023"]
[PlyCount "107"]
[EventDate "2015.11.14"]
[EventType "team-swiss"]
[EventRounds "11"]
[EventCountry "ENG"]
[SourceTitle "EXT 2017"]
[Source "ChessBase"]
[SourceDate "2016.10.25"]
[SourceVersion "1"]
[SourceVersionDate "2016.10.25"]
[SourceQuality "1"]
[WhiteTeam "West is Best II"]
[BlackTeam "Iceni"]
[WhiteTeamCountry "ENG"]
[BlackTeamCountry "ENG"]

1. e4 e5 2. Nf3 Nc6 3. Bc4 Nf6 4. d3 Be7 5. 0-0 d6 6. a4 0-0 7. Re1 Na5 8. Ba2 c5 9. c3 Nc6 10. Na3 a6 11. Bd2 Rb8 12. Nc2 b5 13. axb5 axb5 14. b4 Qc7 15. Ne3 Re8 16. Nd5 Nxd5 17. Bxd5 Be6 18. Qb3 Bxd5 19. Qxd5 h6 20. Ra6 Rb6 21. Rxb6 Qxb6 22. bxc5 Qxc5 23. Be3 Qxd5 24. exd5 Nd8 25. Rb1 f5 26. Rxb5 Nf7 27. Rb7 g5 28. Ba7 Kg7 29. d4 e4 30. Nd2 Kf6 31. c4 Bd8 32. c5 f4 33. Nc4 e3 34. fxe3 fxe3 35. Kf1 dxc5 36. dxc5 Re4 37. Rxf7+ Kg6 38. Ke2 Rxc4 39. Rd7 Bf6 40. Kxe3 Kf5 41. c6 Rc3+ 42. Kd2 Ke4 43. d6 Rxc6 44. Bb8 Rb6 45. Bc7 Rb2+ 46. Kc1 Rxg2 47. Rf7 Bd4 48. d7 Kd3 49. Rf3+ Kc4 50. d8Q Rg1+ 51. Kd2 Rg2+ 52. Ke1 Rg1+ 53. Rf1 Bc3+ 54. Ke2 1-0

[Event "BCF-chT4 1516 (4NCL)"]
[Site "England"]
[Date "2016.03.19"]
[Round "7.158"]
[White "Ruthen, Stephen W"]
[Black "Woods, Timothy J"]
[Result "1-0"]
[WhiteElo "2023"]
[BlackElo "1721"]
[PlyCount "81"]
[EventDate "2015.11.14"]
[EventType "team-swiss"]
[EventRounds "11"]
[EventCountry "ENG"]
[SourceTitle "EXT 2017"]
[Source "ChessBase"]
[SourceDate "2016.10.25"]
[SourceVersion "1"]
[SourceVersionDate "2016.10.25"]
[SourceQuality "1"]
[WhiteTeam "Iceni"]
[BlackTeam "Sussex Martlets II"]
[WhiteTeamCountry "ENG"]
[BlackTeamCountry "ENG"]

1. c4 g6 2. g3 Bg7 3. Bg2 Nc6 4. Nc3 d6 5. e4 e5 6. Nge2 f5 7. d3 Nf6 8. 0-0 0-0 9. Nd5 h6 10. f3 Nh5 11. Bd2 Ne7 12. Rc1 c6 13. Ndc3 Kh7 14. Be3 Ng8 15. d4 f4 16. Bf2 Qe7 17. Qd3 Qf7 18. g4 Nhf6 19. h3 g5 20. c5 dxc5 21. d5 cxd5 22. exd5+ Qg6 23. Qxg6+ Kxg6 24. Bxc5 Rd8 25. Rfd1 Bd7 26. Bf1 Ne8 27. Ne4 Ngf6 28. N2c3 Nxe4 29. Nxe4 Nc7 30. Be7 Re8 31. d6 Ne6 32. Bd3 Kf7 33. Bc4 b5 34. Bd5 Rab8 35. Nc5 Rxe7 36. dxe7 Kxe7 37. Nxd7 Kxd7 38. Bxe6+ Kxe6 39. Rc6+ Ke7 40. Rc7+ Kf8 41. Rdd7 1-0

[Event "BCF-chT3S 1314 (4NCL)"]
[Site "England"]
[Date "2014.01.11"]
[Round "3.155"]
[White "Briscoe, Christopher"]
[Black "Ruthen, Stephen W"]
[Result "1/2-1/2"]
[WhiteElo "2215"]
[BlackElo "2049"]
[PlyCount "97"]
[EventDate "2013.11.16"]
[EventType "team-swiss"]
[EventRounds "6"]
[EventCountry "ENG"]
[SourceTitle "EXT 2015"]
[Source "ChessBase"]
[SourceDate "2014.11.20"]
[SourceVersion "1"]
[SourceVersionDate "2014.11.20"]
[SourceQuality "1"]
[WhiteTeam "Surbiton"]
[BlackTeam "Iceni"]
[WhiteTeamCountry "ENG"]
[BlackTeamCountry "ENG"]

1. c4 Nf6 2. g3 g6 3. Nc3 Bg7 4. Bg2 d6 5. e4 0-0 6. Nge2 c5 7. d3 Nc6 8. 0-0 Bg4 9. f3 Bd7 10. Be3 Ne8 11. Qd2 Nc7 12. Bh6 Ne6 13. Bxg7 Kxg7 14. f4 Ned4 15. f5 f6 16. Nxd4 Nxd4 17. Ne2 b5 18. Nxd4 cxd4 19. e5 dxe5 20. Bxa8 Qxa8 21. fxg6 hxg6 22. cxb5 Bxb5 23. a4 Bc6 24. Rfc1 Qe8 25. Rc5 Qd7 26. Rac1 Ba8 27. Kf1 Qb7 28. Qf2 Qb3 29. Rc7 Qxd3+ 30. Qe2 Qf5+ 31. Qf2 Qd3+ 32. Ke1 Re8 33. Rxa7 Bf3 34. Qd2 Qe4+ 35. Kf2 Qf5 36. Kg1 g5 37. Qb4 Qe6 38. Qb5 Kf7 39. Qd3 Qb6 40. Rcc7 e4 41. Qc4+ Kg6 42. Rcb7 Qd6 43. Rd7 Qe5 44. Qxd4 Qxd4+ 45. Rxd4 e5 46. Rdd7 Rb8 47. Rab7 Rc8 48. Rdc7 Rd8 49. Rd7 1/2-1/2